| 000 | 01110cam a2200313 i 4500 | ||
|---|---|---|---|
| 001 | 8302 | ||
| 003 | BD-RjUL | ||
| 005 | 20211208234548.0 | ||
| 008 | 180114s1975 nyu b 001 0 eng | ||
| 020 | _a0824761677 | ||
| 035 | _a(BD-RjUL)8347 | ||
| 040 |
_aDLC _cDLC _dDLC _dBD-RjUL _beng |
||
| 041 | _aeng | ||
| 082 | 0 | 0 |
_a519.5 _219 _bODS 1975 |
| 100 | 1 |
_aOdeh, Robert E. _925884 |
|
| 245 | 1 | 0 |
_aSample size choice : _bcharts for experiments with linear models / _cRobert E. Odeh and Martin Fox. |
| 260 |
_aNew York : _bMarcel Dekker, _cc1975. |
||
| 300 |
_aviii, 190 p. : _bill. ; _c27 cm. |
||
| 490 | 0 | _aStatistics : textbooks and monographs ; v. 14 | |
| 500 | _aIncludes index. | ||
| 504 | _aBibliography: p. 59-62. | ||
| 650 | 0 |
_aExperimental design _xCharts, diagrams, etc. _925885 |
|
| 650 | 0 |
_aStatistical hypothesis testing _xCharts, diagrams, etc. _925886 |
|
| 650 | 0 |
_aSampling (Statistics) _xCharts, diagrams, etc. _925887 |
|
| 650 | 0 |
_aLinear models (Statistics) _xCharts, diagrams, etc. _925888 |
|
| 700 | 1 |
_aFox, Martin, _d1929- _ejoint author. _925889 |
|
| 942 |
_2ddc _cBK |
||
| 999 |
_c8302 _d8302 |
||